MARC

LEADER 00000nam0a2200000 4500
001 21882
005 20231101205446.0
010 |a 5060038432 
035 |a (RuTPU)RU\TPU\book\22091 
035 |a BOOK00022161 
090 |a 21882 
100 |a 20011209d2000 m y0rusy50 ca 
101 0 |a rus 
102 |a RU 
105 |a y j 000zy 
200 1 |a Радиотехнические цепи и сигналы  |e учебник для вузов  |f С. И. Баскаков 
205 |a 3-е изд., перераб. и доп. 
210 |a Москва  |c Высшая школа  |d 2000 
215 |a 462 с. 
451 1 |0 (RuTPU)RU\TPU\book\35622  |y 5060014096  |t Радиотехнические цепи и сигналы  |o учебное пособие  |f С. И. Баскаков  |e 2-е изд., перераб. и доп.  |c М.  |n Высшая школа  |d 1988  |p 448 с.  |a Баскаков, Святослав Иванович 
451 1 |0 (RuTPU)RU\TPU\book\105994  |y 5-06-003843-2  |t Радиотехнические цепи и сигналы  |o Учебник для вузов  |f С. И. Баскаков  |e 4-е изд., перераб. и доп.  |c М.  |n Высшая школа  |d 2003  |p 462 с.  |a Баскаков,  
606 1 |a Радиосигналы  |2 stltpush  |3 (RuTPU)RU\TPU\subj\72439  |9 85955 
610 1 |a радиотехнические цепи 
610 1 |a многоканальные системы 
610 1 |a стереофоническое радиовещание 
610 1 |a учебники 
610 1 |a радиотехнические сигналы 
610 1 |a преобразования 
675 |a 621.372(075.8)  |v 3 
700 1 |a Баскаков  |b С. И.  |g Святослав Иванович 
801 0 |a RU  |b 63413507  |c 20011209  |g PSBO 
801 2 |a RU  |b 63413507  |c 20211206  |g PSBO 
900 |a Теория электрических цепей и сигналов 
900 |a Радиотехника и электроника 
942 |c BK 
952 |a 552500  |b 071500